[Event "AUT-ch U16"]
[Site "St Veit"]
[Date "2017.04.12"]
[Round "6"]
[White "Hechl, Fabian"]
[Black "Bruckner, Simon"]
[Result "1-0"]
[WhiteElo "1894"]
[BlackElo "1705"]
[PlyCount "61"]
[EventDate "2017.04.09"]
[EventType "swiss"]
[EventRounds "7"]
[EventCountry "AUT"]
[SourceTitle "CBM 178 Extra"]
[Source "ChessBase"]
[SourceDate "2017.06.22"]
[SourceVersion "1"]
[SourceVersionDate "2017.06.22"]
[SourceQuality "1"]

1. e4 e5 2. Nf3 Nc6 3. Bb5 f5 4. d3 fxe4 5. dxe4 Nf6 6. 0-0 Bc5 7. Nc3 0-0 8. Bxc6 bxc6 9. Nxe5 Qe8 10. Nd3 Bb6 11. Re1 d6 12. h3 Qf7 13. Be3 Bd7 14. Bxb6 cxb6 15. e5 Ne8 16. Qd2 Qg6 17. Qe3 dxe5 18. Nxe5 Qe6 19. Nxd7 Qxd7 20. Rad1 Qf5 21. Qe6+ Rf7 22. Qxc6 Rc8 23. Rxe8+ Rxe8 24. Qxe8+ Rf8 25. Qe2 h6 26. Rd5 Qf7 27. Re5 Kh8 28. Re7 Qf4 29. Re8 Rxe8 30. Qxe8+ Kh7 31. Qe4+ 1-0

[Event "AUT-ch U16"]
[Site "St Veit"]
[Date "2017.04.09"]
[Round "1"]
[White "Kozissnik, Christian"]
[Black "Bruckner, Simon"]
[Result "1-0"]
[WhiteElo "1892"]
[BlackElo "1705"]
[PlyCount "103"]
[EventDate "2017.04.09"]
[EventType "swiss"]
[EventRounds "7"]
[EventCountry "AUT"]
[SourceTitle "CBM 178 Extra"]
[Source "ChessBase"]
[SourceDate "2017.06.22"]
[SourceVersion "1"]
[SourceVersionDate "2017.06.22"]
[SourceQuality "1"]

1. Nf3 d5 2. d4 Nf6 3. c4 e6 4. Nc3 c6 5. e3 Bd6 6. b3 Nbd7 7. Bb2 0-0 8. Be2 e5 9. dxe5 Nxe5 10. 0-0 dxc4 11. Nxe5 Bxe5 12. bxc4 Qc7 13. f4 Bd6 14. Kh1 Rd8 15. Qc2 Qe7 16. e4 Ng4 17. e5 Bc5 18. Bxg4 Bxg4 19. Ne4 Bf5 20. Rae1 Bxe4 21. Rxe4 Bb4 22. Re2 Rd7 23. f5 Qg5 24. Bc1 Qg4 25. Re4 Qh5 26. g3 Qh3 27. Ref4 Rad8 28. c5 Rd2 29. Bxd2 Rxd2 30. Qxd2 Bxd2 31. Rd1 g5 32. Rf2 Be3 33. Rf3 Bxc5 34. f6 Qc8 35. Rfd3 Bb6 36. Rd7 Kf8 37. e6 fxe6 38. Rxh7 Kg8 39. Rdd7 Qf8 40. Rdg7+ Qxg7 41. Rxg7+ Kf8 42. Rxb7 Bd4 43. h3 Bxf6 44. Rxa7 Be7 45. Kg2 Kf7 46. Kf3 Kf6 47. g4 Bc5 48. Rc7 Ke5 49. Rxc6 Kd5 50. Rxc5+ Kxc5 51. Ke4 Kd6 52. a4 1-0